100 jogos lógicos (Registo nº 653)

Detalhes MARC
000 -Etiqueta do registo
Cabeçalho 00601nam0a22002651 4500
005 - Identificador da versão
Campo de controlo 20240822153722.0
010 ## - Número internacional normalizado dos livros (ISBN)
Número (ISBN) 972662200X
021 ## - Número do Depósito Legal
Código do país PT
Número 185506/02
035 ## - Other System Control Numbers
System Control Number 0000681
System Control Number 0000677
System Control Number 0000677
System Control Number 0000665
100 ## - Dados gerais de processamento
Dados gerais de processamento 20051114d a e0pory5003 ba
101 1# - Língua de publicação
Língua do texto, banda sonora, etc. Português
Língua do documento no original Francês
102 ## - Pais de publicação ou produção
País de publicação Portugal
105 ## - Campo de dados codificados: livros
Dados codificados dos livros y z 001yy
106 ## - Campo de dados codificados: material textual
Dados codificados do material textual r
200 1# - Titulo e menção de responsabilidade
Título próprio 100 jogos lógicos
Primeira menção de responsabilidade Pierre Berloquin
205 ## - Menção da edição
Menção da edição 5ª edição
210 ## - Publicação, Distribuição, etc. 
Lugar da edição, distribuição, etc. Lisboa
Nome do editor, distribuidor, etc. Gradiva
Data da publicação, distribuição, etc. 2002
215 ## - Descrição física 
Indicação específica da natureza do documento e extensão da espécie p. 126
Dimensões cm
225 2# - Colecção 
Título próprio da colecção o prazer da matemática
Indicação de volume 4
942 ## - Elementos de entrada adicionados (Koha)
Tipo de item no Koha Livro
Exemplares
Situação do levantamento Origin of item (home branch) (coded) Biblioteca de empréstimo Código de barras Circulation type (not for loan) Tipo de documento Nota do exemplar Damaged status
  Biblioteca Escolar Eng. Nuno Mergulhão Biblioteca Escolar Eng. Nuno Mergulhão BENM642   Livro Sem mensagem